Fußball: Deutscher EM-Kader bei der EURO 1996 - Statistiken

Allgemein
  • Dieses Quiz wurde 439 mal gespielt
  • Das Durchschnittsergebnis liegt bei 16 aus 24
Antwortstatistiken
Position Spieler Verein % Korrekt
Oliver Kahn Bayern München
94%
Oliver Bierhoff Udinese Calcio
89%
Tor Andreas Köpke Eintracht Frankfurt / Olympique Marseille
86%
Jürgen Klinsmann Bayern München
86%
Trainer Berti Vogts ---
76%
Matthias Sammer Borussia Dortmund
76%
Jürgen Kohler Borussia Dortmund
73%
Mehmet Scholl Bayern München
72%
Oliver Reck Werder Bremen
71%
Thomas Häßler Karlsruher SC
70%
Andreas Möller Borussia Dortmund
68%
Abwehr Thomas Helmer Bayern München
68%
Stefan Kuntz Beşiktaş Istanbul / Arminia Bielefeld
65%
Mario Basler Werder Bremen / Bayern München
64%
Fredi Bobic VfB Stuttgart
63%
Sturm Marco Bode Werder Bremen
63%
Mittelfeld Stefan Reuter Borussia Dortmund
58%
Dieter Eilts Werder Bremen
54%
Christian Ziege Bayern München
53%
Markus Babbel Bayern München
50%
Jens Todt SC Freiburg / Werder Bremen
42%
Steffen Freund Borussia Dortmund
41%
Thomas Strunz Bayern München
41%
René Schneider Hansa Rostock / Borussia Dortmund
39%
Keine übereinstimmenden Quizze gefunden
Verteilung der Resultate
Anzahl Personen mit jedem Resultat
Perzentil nach korrekt beantworteten Fragen
Ihre Resultats-Entwicklung
Sie haben dieses Quiz noch nicht gespielt